00673cam a22001937a 4500003000500000005001700005008004100022010001000063011001000073035001000083040000900093100002800102245020400130260003000334300001000364650002600374650002700400710005200427CHAP20220817042839.0971013s r 00010 d a57560 a58532 a62687 cCHAP00aStakman, Elvin Charles.13aLa evolución de conceptos y prácticas en la educaciónb: seminarios presentados ante profesores y alumnos del Colegio de Postgraduados y de la Ecuela Nacional de Agricultura en Chapingo, Méx. a(s.l.) :b(s.e.),c(s.a.) a70 p.14aEducación superior.14aEducaciónxHistoria.0 aENA. Colegio de Postgraduados. Chapingo, Méx.